Monstruo triste, monstruo feliz : un libro sobre sentimientos /

Guardado en:
Autor Principal: Emberly, Ed
Otros Autores: Miranda, Anne, Aguinaco, Paulina de; trad.
Formato: Libro
Publicado: Buenos Aires : Océano, 2009
Materias:
Etiquetas: Agregar Etiqueta
Sin Etiquetas, Sea el primero en etiquetar este registro!
LEADER 01026nam a22002775a 4500
001 CEM.cems015327
008 130507s2009##################000#0#####d
005 20230530100110.0
245 1 0 |a Monstruo triste, monstruo feliz :  |b un libro sobre sentimientos /  |c Ed Emberly y Anne Miranda 
260 |a Buenos Aires :  |b Océano,  |c 2009 
300 |a 20 p. 
500 |a Título original: Glad monster, sad monstertraducido por Paulina de Aguinaco 
020 |a 9789879361542 
100 1 |a Emberly, Ed 
700 1 |a Miranda, Anne 
700 1 |a Aguinaco, Paulina de; trad. 
082 0 4 |a 823.9 
653 |a Literatura 
653 |a Literatura inglesa 
653 |a Literatura infantil 
653 |a Cuentos infantiles 
653 |a Colección ciencias de la educación 
653 |a Libro Álbum 
859 |a CEMS  |b BIB. CEMS - Ccias. Educacion  |h 823.9  |i Em13  |k CE  |p 28598.19  |t Ej.1 
859 |a CEMS  |b BIB. CEMS - Ccias. Educacion  |h 823.9  |i Em13  |k CE  |p 28660.19  |t Ej.2 
859 |a CEMS  |b BIB. CEMS - Ccias. Educacion  |h 823.9  |i Em13  |k CE  |p 28659.19  |t Ej.3